000 00915nam a2200277 i 4500
003 DO-SdBNP
005 20250724084534.0
007 ta
008 250718b2007 dr |||| |||| 00| 0 spa d
020 _a9789945420371
040 _aDO-SdBNP
_bspa
_cBNPHU
_erda
041 _aspa
082 4 _axxx
_bB142
_222
100 1 _aBáez, Rannel,
_eautor
_4aut.
_987698
245 1 0 _aAzuanías bajo el sol /
_cRannel Báez
264 4 _aSanto Domingo :
_bEdiciones Ángeles de Fierro,
_c©2007.
300 _a76 páginas ;
_c21 cm.
336 _atexto
_btxt
_2rdacontent
337 _asin mediación
_bn
_2rdamedia
338 _avolumen
_bnc
_2rdacarrier
500 _aIncluye datos biografícos del autor en la solapa de la cubierta.
500 _aEl número de ISBN está mal impreso en el libro, este comienza por el 9945 en vez de 978.
590 _aInventariado, 2025/ YL
910 _aYLockward
942 _2ddc
_cLBS1
999 _c59576
_d59576